Estrategias de lucha contra el despojo (Registro nro. 320710)
[ vista simple ]
| 000 -ENCABEZADO | |
|---|---|
| Número de control [NR] | 01174nam a22002777a 4500 |
| 005 - FECHA Y HORA DE LA ÚLTIMA TRANSACCIÓN | |
| control field | 20241106072815.0 |
| 008 - DE LONGITUD FIJA DE DATOS DE ELEMENTOS - INFORMACIÓN GENERAL | |
| Elementos de longitud fija [NR] | 220302s2021 ck |||gr|||| 00| 0 spa d |
| 020 ## - NUMERO INTERNACIONAL NORMALIZADO PARA LIBROS [R] | |
| Número Internacional Normalizado del libro [NR] | 9789587845792 (impreso) |
| 020 ## - NUMERO INTERNACIONAL NORMALIZADO PARA LIBROS [R] | |
| Número Internacional Normalizado del libro [NR] | 9789587845808 (epub) |
| 020 ## - NUMERO INTERNACIONAL NORMALIZADO PARA LIBROS [R] | |
| Número Internacional Normalizado del libro [NR] | 9789587845976 (pdf) |
| 040 ## - FUENTE DE CATALOGACION [NR] | |
| Agencia de catalogación original [NR] | CO-BoUCM |
| Idioma de catalogación [NR] | spa |
| Quien Cataloga | Deissy Garcia |
| Quien Clasifica | David Moreno (modificó) |
| 041 0# - CODIGO DE IDIOMA [R] | |
| Código de idioma para texto/pista de sonido o título separado [R] | Español |
| 100 1# - ASIENTO PRINCIPAL--NOMBRE PERSONAL [NR] | |
| Nombre personal [NR] | Ariza Arias, Kelly Johanna |
| ID Autoridad | 173694 |
| 245 10 - MENCION DE TITULO [NR] | |
| Título [NR] | Estrategias de lucha contra el despojo |
| Parte restante del título [NR] | interlocución entre el pueblo Arhuaco y el estado colombiano entre 1916 y 1972 |
| Mención de responsabilidad, etc. [NR] | Kelly Johanna Ariza Arias |
| 260 ## - PUBLICACION, DISTRIBUCION, ETC. (PIE DE IMPRENTA) [R] | |
| Lugar de publicación, distribución, etc. [R] | Bogotá |
| Nombre del editor, distribuidor, etc. [R] | Universidad del Rosario |
| Fecha de publicación, distribución, etc. [R] | 2021 |
| 300 ## - DESCRIPCION FISICA [R] | |
| Extensión [R] | 230 Páginas |
| 490 0# - MENCION DE SERIE [R] | |
| Mención de serie [R] | Opera prima |
| 504 ## - NOTA DE BIBLIOGRAFIA, ETC. [R] | |
| Nota de bibliografía, etc. [NR] | Incluye referencias bibliográficas |
| 650 #7 - ASIENTO SECUNDARIO DE MATERIA - TERMINO TEMATICO [R] | |
| Término temático o nombre geográfico como elemento de entrada [NR] | Indígenas de Colombia |
| Subdivisión general [R] | Aspectos políticos |
| -- | Legislación |
| Subdivisión cronológica [R] | 1916-1972 |
| 9 (RLIN) | 173695 |
| 650 #7 - ASIENTO SECUNDARIO DE MATERIA - TERMINO TEMATICO [R] | |
| Término temático o nombre geográfico como elemento de entrada [NR] | Arhuacos |
| Subdivisión general [R] | Condiciones de vida |
| -- | Historia |
| 9 (RLIN) | 173696 |
| 650 #7 - ASIENTO SECUNDARIO DE MATERIA - TERMINO TEMATICO [R] | |
| Término temático o nombre geográfico como elemento de entrada [NR] | Despojo de tierras |
| Subdivisión cronológica [R] | 1916-1972 |
| Subdivisión geográfica [R] | Sierra Nevada de Santa Marta, (Colombia) |
| 9 (RLIN) | 173697 |
| 650 #7 - ASIENTO SECUNDARIO DE MATERIA - TERMINO TEMATICO [R] | |
| Término temático o nombre geográfico como elemento de entrada [NR] | Conflictos étnicos |
| 9 (RLIN) | 11582 |
| 650 #7 - ASIENTO SECUNDARIO DE MATERIA - TERMINO TEMATICO [R] | |
| Término temático o nombre geográfico como elemento de entrada [NR] | Movimientos indígenas |
| 9 (RLIN) | 19839 |
| 942 ## - ELEMENTOS DE ENTRADA AGREGADOS (KOHA) | |
| Sistema de clasificación | DEWEY |
| Tema principal | Sociología |
| Tipo de ítem principal el descrito en 300a | Libro |
| Edición | 1 |
| Clasificación | 305.8009861 |
| Parte restante de la signatura top. | A719e |
| Título oculto en OPAC | No |
| Total préstamos | Signatura topográfica | Código de barras | Última vez visto | Ejemplar | Costo de reposición | Price effective from | Tipo de ítem | Perdido | Sistema de clasificación | Dañado | No prestable | Tipo de ítem específico | Suprimido | Ubicación habitual | Ubicación actual | Localización | Fecha de creación | Forma de adquisición | Costo |
|---|---|---|---|---|---|---|---|---|---|---|---|---|---|---|---|---|---|---|---|
| 305.8009861 A719e | 100169722 | 03/12/2025 | Ej.1 | 9000.00 | 02/03/2022 | Edición Rosarista | DEWEY | Libro Edición Rosarista | Claustro | Claustro | 4to piso | 02/03/2022 | Compra | 9000.00 | |||||
| 305.8009861 A719e | 100169721 | 09/12/2025 | Ej.2 | 9000.00 | 02/03/2022 | Libro | DEWEY | Libro | Claustro | Claustro | 2do piso | 02/03/2022 | Compra | 9000.00 | |||||
| 305.8009861 A719e | 100169723 | 09/12/2025 | Ej.3 | 9000.00 | 02/03/2022 | Libro | DEWEY | Libro | Claustro | Claustro | 2do piso | 02/03/2022 | Compra | 9000.00 | |||||
| 305.8009861 A719e | 100169724 | 09/12/2025 | Ej.4 | 9000.00 | 02/03/2022 | Libro | DEWEY | Libro | Claustro | Claustro | 2do piso | 02/03/2022 | Compra | 9000.00 | |||||
| 305.8009861 A719e | 100173514 | 09/12/2025 | Ej.5 | 26000.00 | 06/11/2024 | Libro | DEWEY | Libro | Claustro | Claustro | 2do piso | 06/11/2024 | Donación |